Rafael Alvarez Lalinde (Registro nro. 28901)

Detalles MARC
000 -CABECERA
Longitud fija campo de control 00753nam a22002177a 4500
003 - IDENTIFICADOR DELl NÚMERO DE CONTROL
Identificador del número de control OSt
005 - FECHA Y HORA DE LA ÚLTIMA TRANSACCIÓN
Fecha y hora de la última transacción 20180209165401.0
008 - CÓDIGOS DE INFORMACIÓN DE LONGITUD FIJA
Códigos de información de longitud fija 180131b xxu||||| |||| 00| 0 eng d
020 ## - NÚMERO INTERNACIONAL NORMALIZADO PARA LIBROS
Número Internacional Normalizado para Libros (ISBN) 978-99923-932-0-8
040 ## - FUENTE DE LA CATALOGACIÓN
Centro catalogador de origen BMC
Centro transcriptor BMC
082 ## - NÚMERO DE LA CLASIFICACIÓN DECIMAL DEWEY
Númeroo de clasificación 972.84092
100 1# - PUNTO DE ACCESO PRINCIPAL-NOMBRE DE PERSONA
9 (RLIN) 42175
Nombre de persona Álvarez Geoffroy, Mauricio
245 10 - MENCIÓN DE TÍTULO
Título Rafael Alvarez Lalinde
Resto del título : pionero de la industrialización del café
Mención de responsabilidad, etc. Mauricio Álvarez Geoffroy, Carlos Emilio‏ Álvarez Geoffroy, Nelson Choto
250 ## - MENCIÓN DE EDICIÓN
Mención de edición 1ª ed
260 ## - PUBLICACIÓN, DISTRIBUCIÓN, ETC. (PIE DE IMPRENTA)
Lugar de publicación, distribución, etc. San Salvador, El Salvador
Nombre del editor, distribuidor, etc. Cumbres del Molino
Fecha de publicación, distribución, etc. 2010
300 ## - DESCRIPCIÓN FÍSICA
Extensión 350 p.
Otras características físicas il.
Dimensiones 28 cm
651 24 - PUNTO DE ACCESO ADICIONAL DE MATERIA - NOMBRE GEOGRÁFICO
9 (RLIN) 19911
Nombre geográfico El Salvador
Subdivisión de forma Biografías
700 1# - PUNTO DE ACCESO ADICIONAL - NOMBRE DE PERSONA
9 (RLIN) 42181
Nombre de persona Choto, Nelson‏
700 1# - PUNTO DE ACCESO ADICIONAL - NOMBRE DE PERSONA
9 (RLIN) 42180
Nombre de persona Álvarez Geoffroy, Carlos Emilio‏
942 ## - ENTRADA DE ELEMENTOS AGREGADOS (KOHA)
Fuente de clasificaión o esquema Dewey Decimal Classification
Koha [por defecto] tipo de item 1- Monografias
Existencias
Suprimido Perdido Fuente de clasificación o esquema Estropeado Restricciones de uso No para préstamo Código de colección Localización permanente Localización actual Localización en estanter&íacute;as Fecha adquisición Fuente de adquisición Número de inventario Préstamos totales Signatura completa Código de barras Fecha última consulta Fecha del precio de reemplazo Tipo de item de Koha Fecha último préstamo
NULL NULL Dewey Decimal Classification NULL Prestable NULL NULL Biblioteca Centro Regional de Ilobasco Biblioteca Centro Regional de Ilobasco Sala Principal 31/01/2018 Donado por Decanato CRI LI003873   972.840 ALV raf 1043402 31/01/2018 31/01/2018 1- Monografias  
NULL NULL Dewey Decimal Classification NULL Prestable NULL NULL Biblioteca Centro Regional de Ilobasco Biblioteca Centro Regional de Ilobasco Sala Principal 31/01/2018 Donado por Decanato CRI LI003874 3 972.840 ALV raf 1043403 05/02/2019 31/01/2018 1- Monografias 05/02/2019
NULL NULL Dewey Decimal Classification NULL Prestable NULL NULL Biblioteca Centro Regional de Ilobasco Biblioteca Centro Regional de Ilobasco Sala Principal 31/01/2018 Donado por Decanato CRI LI003875 1 972.840 ALV raf 1043404 25/02/2019 31/01/2018 1- Monografias 18/02/2019
NULL NULL Dewey Decimal Classification NULL Prestable NULL NULL Biblioteca Centro Regional de Ilobasco Biblioteca Centro Regional de Ilobasco Sala Principal 31/01/2018 Donado por Decanato CRI LI003876   972.840 ALV raf 1043405 20/06/2024 31/01/2018 1- Monografias  
NULL NULL Dewey Decimal Classification NULL Prestable NULL NULL Biblioteca Miguel de Cervantes - UNICAES Biblioteca Miguel de Cervantes - UNICAES Sala Principal 26/01/2018 Donación - Vicerrectoria 033826   972.840 ALV raf 1043448 03/02/2018 03/02/2018 1- Monografias  
NULL NULL Dewey Decimal Classification NULL Prestable NULL NULL Biblioteca Miguel de Cervantes - UNICAES Biblioteca Miguel de Cervantes - UNICAES Sala Principal 26/01/2018 Donación - Vicerrectoria 033827   972.840 ALV raf 1043449 03/02/2018 03/02/2018 1- Monografias  
NULL NULL Dewey Decimal Classification NULL Prestable NULL NULL Biblioteca Miguel de Cervantes - UNICAES Biblioteca Miguel de Cervantes - UNICAES Sala Principal 26/01/2018 Donación - Vicerrectoria 033828   972.840 ALV raf 1043450 03/02/2018 03/02/2018 1- Monografias